000 00427nam a2200181Ia 4500
001 598
005 20260306140529.0
008 260306t2018||||xx |||||||||||||| ||spa||
041 _aESP
082 _a128
_bM26M
100 _aMarcos, Alfredo
_eAUT
245 0 _aMeditación de la naturaleza humana
260 _c2018
300 _axxxv, 393 pƔginas :
_c21 cm.
650 _aGEN
654 _aCHU
942 _cLIB
_dJUS
_fJUS
_2ddc
_n
999 _c598
_d598